00535nam a2200169 a 4500008004100000020001500041050002200056110002600078245008800104260005400192300002000246350000900266650001000275650002800285650002600313650002600339090217s2004 ||||||||||||||||| || u a0862103630 aHV 6250.4.W65 Amn aAmnesty International10aLives blown apart: crimes against women in times of conflictcAmnesty International aLondon:bAmnesty International Publicationsc2004 aii, 100p.: ill. a0.00 aWOMEN aWOMEN--VIOLENCE AGAINST aWOMEN--CRIMES AGAINST aWOMEN'S--HUMAN RIGHTS